Регионална библиотека "Любен Каравелов" - Русе

История на музиката (Запис номер 27001)

MARC детайли
000 -Лидер
Контролно поле с фиксирана дължина 02495nam a2200433 c 4500
003 - Код на организацията, давaща контролен номер
Контролно поле BLK
005 - Дата и час на последна редакция
Контролно поле 20250218102901.0
008 - Елементи от данни с фиксирана дължина
fixed length control field 180413b bul|||||r ||||||| ||bul||
010 ## - Наследен системен номер
LC control number KNG00029569000
020 ## - Международен стандартен номер на книга ISBN
Международен стандартен номер на книга ISBN 954-405-075-2
-- издат.: Музика - на том(ч. 2)
040 ## - Източник на каталожния запис
Идентификатор на билиотеката - собственик на записа BLK
041 ## - Код за език
Код за езика на текст/звукозапис или на отделно заглавие Български
Код за езика КДБФ Български
080 ## - УДК
Текстов определител УДК История на музиката
УДК код - определител по УДК 78.03
УДК определител (4-15)
УДК - код + определител 78.03(4-15)
139 ## - Редно поле
Редна дума История на музиката
Авторски знак Истор - И 95
245 10 - Сведения за заглавието
Заглавие История на музиката
Подзаглавни данни Западноевроп. музика от Средновековието до днес : Ч. 1 - 2
Редно поле (дума) под ред. на Мари-Клер Белтрандо-Патие; авт. на том Мари-Клер Белтрандо-Патие; прев. на том Илка Филипова; прев. на том Мария Бежанска; предг. от Марк Онегер; предг. от Наташа Петрова Япова.
Том Ч. 2
257 ## - Страна на издаване
Страна на създаване/издаване Франция
260 ## - Област на издателските данни
-- София
Година на издаване 1997 -
Печатница За том: София : Силвия Русева
300 ## - Физическа характеристика
Размери/Мащаб 24 см
380 ## - Жанр
Жанр Изкуство
500 ## - Общи забележки
Забележка Ориг. загл. Historie de la musigue. - Офс. изд.
650 #4 - Допълнително описание по предмет – тема
Основно описание – тема или топоним Музика, западноевропейска - история
9 (RLIN) 269050
651 #0 - Допълнително описание по предмет - топоним
Географско понятие Западна Европа
9 (RLIN) 243454
653 ## - Ключова дума – ненормативна
Ключова дума история на музиката
653 ## - Ключова дума – ненормативна
Ключова дума музика
653 ## - Ключова дума – ненормативна
Ключова дума западноевропейска музика
700 1# - Други автори (авторска отговорност)
Лично име Белтрандо-Патие, Мари-Клер
Автороска отговорност (Описва отношението между автора и произведението) под ред. на
9 (RLIN) 37965
700 1# - Други автори (авторска отговорност)
Лично име Белтрандо-Патие, Мари-Клер
Автороска отговорност (Описва отношението между автора и произведението) авт. на том
9 (RLIN) 37965
700 1# - Други автори (авторска отговорност)
Лично име Филипова, Илка
Автороска отговорност (Описва отношението между автора и произведението) прев. на том
9 (RLIN) 366185
700 1# - Други автори (авторска отговорност)
Лично име Бежанска, Мария
Автороска отговорност (Описва отношението между автора и произведението) прев. на том
9 (RLIN) 269051
700 1# - Други автори (авторска отговорност)
Лично име Онегер, Марк
Автороска отговорност (Описва отношението между автора и произведението) предг. от
9 (RLIN) 269052
700 1# - Други автори (авторска отговорност)
Лично име Япова, Наташа Петрова
Автороска отговорност (Описва отношението между автора и произведението) предг. от
9 (RLIN) 269053
760 1# - Описание на основната серия
-- - на том(ч. 2)
Място на издаване, издател и година Музика, 1999
Страници - том 352 с. : с ил., факс., ноти
Забележка - том Други авт. Г. Р. Маршал, Д. Пистон, С. Гут, Д. Този. - Съдържа и Библиогр. справка и музикални извори. - Именен показалец.
Заглавие Ч. 2
852 ## - Местоположение
Форматна сигнатура Цб 195411
856 4# - Електронен адрес и достъп
Електронен формат pdf - файл
Път до файла /url/
856 4# - Електронен адрес и достъп
Електронен формат pdf - файл
Път до файла /url/
942 ## - АРТИКУЛИ
Вид на библиотечния материал Книги
Скрит в OPAC Не
Koha issues (borrowed), all copies 5
944 ## - СЪЗДАВАНЕ И РЕДАКЦИЯ на ЗАПИСА
Създаване/Редакция Създаване
Дата на регистрацията/редакция 15.01.2003
Служител, извършил регистрацията/редакцията 30560
Статус, дата на статуса Геновева Генчева
944 ## - СЪЗДАВАНЕ И РЕДАКЦИЯ на ЗАПИСА
Създаване/Редакция Редакция
Дата на регистрацията/редакция 26.06.2015
Служител, извършил регистрацията/редакцията Ирена_Линкова
999 ## - СИСТЕМНИ КОНТРОЛНИ НОМЕРА
Koha biblionumber 27001
Koha biblioitemnumber 27001
Наличности
Код за отписване Код за изгубен артикул Източник на класификационната схема Код за повреда Коз за рестрикции Код за отдаване Артикулен № Име на библиотеката - собственик Име на библиотеката, в която се намира в момента Статус (Текущо местоположение) Дата на вписване в системата Местоположение - отдел Цена в лева Инвентарен номер Систематично азбучна сигнатура Баркод Номер на екземпляра Цена в евро Служебна бележка Служебен тип на артикула
  Не е изгубен Universal Decimal Classification Не е повреден без рестрикции заемане за дома 43765 Регионална библиотека "Любен Каравелов" Русе Регионална библиотека "Любен Каравелов" Русе Отдел Изкуство - подръчен фонд 2001-01-01 Отдел Изкуство - подръчен фонд 12.00 651748 78.03/И 95 120000651748 1 6.14 Дост: Pk Вид: Ф N: стар фонд Дата: 01.01.2000 Дата инв: 19.06.2012 Бележки инв: Книги
  Не е изгубен Universal Decimal Classification Не е повреден само за читалня ползва се в читалня 43766 Регионална библиотека "Любен Каравелов" Русе Регионална библиотека "Любен Каравелов" Русе Хранилище 2001-01-01 Основен фонд - ползва се само за читалня 12.00 666042 Цб 195411 120000666042 2 6.14 Дост: Pk Вид: Ф N: стар фонд Дата: 01.01.2001 Книги
Изтеглен Не е изгубен Universal Decimal Classification Не е повреден без рестрикции заемане за дома 43767 Регионална библиотека "Любен Каравелов" Русе Регионална библиотека "Любен Каравелов" Русе Отдел Изкуство - подръчен фонд 2005-08-26 Отдел Изкуство - подръчен фонд 12.00 120000696421 78.03/И 95 120000696421 3 6.14 Дост: DA Вид: А N: 22 Дата: 26.08.2005 Дата инв: 06.04.2017 Бележки инв: ИП2017 Книги
  Не е изгубен Universal Decimal Classification Не е повреден без рестрикции заемане за дома 43768 Регионална библиотека "Любен Каравелов" Русе Регионална библиотека "Любен Каравелов" Русе Отдел Изкуство - подръчен фонд 2008-01-30 Отдел Изкуство - подръчен фонд 12.00 120000722727 78.03/И 95 120000722727 4 6.14 Дост: DA Вид: А N: 1 Дата: 30.01.2008 Дата инв: 03.04.2017 Бележки инв: ИП2017 Книги
  Не е изгубен Universal Decimal Classification Не е повреден без рестрикции заемане за дома 43769 Регионална библиотека "Любен Каравелов" Русе Регионална библиотека "Любен Каравелов" Русе Отдел Изкуство - подръчен фонд 2009-02-27 Отдел Изкуство - подръчен фонд 12.00 120000733956 78.03/И 95 120000733956 5 6.14 Дост: DA Вид: А N: 3 Дата: 27.02.2009 Дата инв: 03.04.2017 Бележки инв: ИП2017 Книги
Vip Innovations Ltd, Rousse, Bulgaria 2025